Roger Maris : (Record no. 589421)

MARC details
000 -LEADER
fixed length control field 00439nam a2200181 a 4500
001 - CONTROL NUMBER
control field 1758714829314
003 - CONTROL NUMBER IDENTIFIER
control field ACL
005 - DATE AND TIME OF LATEST TRANSACTION
control field 20250924172636.0
008 - FIXED-LENGTH DATA ELEMENTS--GENERAL INFORMATION
fixed length control field 250924s2008##################000#0#eng##
020 ## - INTERNATIONAL STANDARD BOOK NUMBER
International Standard Book Number 9780791097342
082 04 - DEWEY DECIMAL CLASSIFICATION NUMBER
Classification number 796.357092
Item number TOD
040 ## - CATALOGING SOURCE
Original cataloging agency ACL
Language of cataloging eng
Transcribing agency ACL
100 1# - MAIN ENTRY--PERSONAL NAME
Personal name Todd, Anne M.,
Relator term author.
245 10 - TITLE STATEMENT
Title Roger Maris :
260 ## - PUBLICATION, DISTRIBUTION, ETC.
Name of publisher, distributor, etc. Facts On File,
Date of publication, distribution, etc. 2008.
650 #0 - SUBJECT ADDED ENTRY--TOPICAL TERM
Topical term or geographic name entry element Baseball players.
942 ## - ADDED ENTRY ELEMENTS (KOHA)
Koha item type English Books
Holdings
Withdrawn status Lost status Damaged status Not for loan Home library Current library Shelving location Date acquired Total Checkouts Full call number Barcode Date last seen Price effective from Koha item type
        Anna Centenary Library Anna Centenary Library 6TH FLOOR, B WING 24.09.2025   796.357092 TOD 438236 24.09.2025 24.09.2025 English Books

Find us on the map